[Event "Bandarabbas Rapid"]
[Site "Bandarabbas"]
[Date "2016.01.29"]
[Round "5.2"]
[White "Asbahi, Mohammad"]
[Black "Ghorban Oghly, Mohsen"]
[Result "1-0"]
[WhiteElo "2036"]
[BlackElo "1849"]
[PlyCount "63"]
[EventDate "2015.12.30"]
[EventType "swiss (rapid)"]
[EventRounds "9"]
[EventCountry "IRI"]
[SourceTitle "EXT 2024"]
[Source "ChessBase"]
[SourceDate "2023.10.10"]
[SourceVersion "1"]
[SourceVersionDate "2023.10.10"]
[SourceQuality "1"]

1. Nf3 Nf6 2. g3 g6 3. Bg2 Bg7 4. 0-0 0-0 5. c4 c5 6. Nc3 Nc6 7. a3 d6 8. Rb1 Bf5 9. d3 Rb8 10. b4 a6 11. bxc5 dxc5 12. Bf4 Rc8 13. Rxb7 Nd7 14. Bd2 Bg4 15. Qa4 Ndb8 16. Rfb1 Na5 17. Rxb8 Rxb8 18. Rxb8 Qxb8 19. Qxa5 Qb2 20. Nd5 Qb1+ 21. Be1 e6 22. Ne3 h5 23. h3 Bf5 24. g4 hxg4 25. hxg4 Bxd3 26. exd3 Qxd3 27. Qxc5 Rd8 28. Ba5 Bf8 29. Qe5 Bg7 30. Qf4 e5 31. Nxe5 Qb1+ 32. Bf1 1-0

[Event "Bandarabbas Blitz"]
[Site "Bandarabbas"]
[Date "2016.01.29"]
[Round "7.2"]
[White "Khoshnam, Farhad"]
[Black "Asbahi, Mohammad"]
[Result "1/2-1/2"]
[WhiteElo "1917"]
[BlackElo "2042"]
[PlyCount "137"]
[EventDate "2015.12.31"]
[EventType "swiss (blitz)"]
[EventRounds "9"]
[EventCountry "IRI"]
[SourceTitle "EXT 2024"]
[Source "ChessBase"]
[SourceDate "2023.10.10"]
[SourceVersion "1"]
[SourceVersionDate "2023.10.10"]
[SourceQuality "1"]

1. e4 e5 2. Nf3 Nc6 3. Bb5 a6 4. Ba4 Nf6 5. 0-0 b5 6. Bb3 Bc5 7. d3 d6 8. c3 Bb6 9. Re1 0-0 10. Nbd2 Ne7 11. Nf1 Ng6 12. Be3 c5 13. Bc2 d5 14. Bg5 dxe4 15. dxe4 h6 16. Qxd8 Bxd8 17. Be3 Be7 18. h3 Bb7 19. Ng3 Rfd8 20. Red1 Rxd1+ 21. Rxd1 Rd8 22. Rxd8+ Bxd8 23. Bxc5 Bc7 24. Kf1 Nf4 25. Be3 g6 26. Nd2 h5 27. Bxf4 exf4 28. Ne2 g5 29. f3 g4 30. Nd4 Bc8 31. hxg4 hxg4 32. Nf5 Bxf5 33. exf5 Nd5 34. Ke2 Ne3 35. Be4 g3 36. b4 Nxg2 37. Nb3 Be5 38. Nd4 Ne3 39. Bb7 Nd1 40. Kf1 Nxc3 41. Nc6 Bc7 42. Bxa6 Kg7 43. Kg2 Bb6 44. Ne5 Nd5 45. Bxb5 Ne3+ 46. Kh1 g2+ 47. Kh2 g1Q+ 48. Kxg1 Nc4+ 49. Kg2 Nxe5 50. a4 Kf6 51. a5 Ba7 52. Ba4 Nc4 53. Bb3 Na3 54. Ba2 Kxf5 55. Bxf7 Ke5 56. Kh3 Be3 57. a6 Nb5 58. Be8 Na7 59. Kg4 Kd6 60. b5 Kc5 61. Bd7 Nxb5 62. Bxb5 Kxb5 63. a7 Bxa7 64. Kxf4 Bb8+ 65. Kf5 Kc5 66. Ke6 Kd4 67. Kd7 Ke3 68. Kc8 Kxf3 69. Kxb8 1/2-1/2